| 000 -LEADER | |
|---|---|
| fixed length control field | 00321nam a22001457a 4500 |
| 020 ## - INTERNATIONAL STANDARD BOOK NUMBER | |
| ISBN | 0406930589 |
| 050 ## - LIBRARY OF CONGRESS CALL NUMBER | |
| Classification number | KD 1554 |
| 100 ## - MAIN ENTRY--AUTHOR NAME | |
| Personal name | FURMSTON, Michael |
| 245 ## - TITLE STATEMENT | |
| Title | Law of Contract |
| 250 ## - EDITION STATEMENT | |
| Edition statement | 4th edition |
| 260 ## - PUBLICATION, DISTRIBUTION, ETC. (IMPRINT) | |
| Place of publication | London |
| Name of publisher | Butterworths |
| Year of publication | 2001 |
| 300 ## - PHYSICAL DESCRIPTION | |
| Number of Pages | 762p |
| 942 ## - ADDED ENTRY ELEMENTS (KOHA) | |
| Koha item type | Books |
| 988 ## - PAGINATION/EXTENT | |
| PAGINATION/EXTENT | Ixi;762,;includes index |
| Koha item type | Collection code | Accession Number | Permanent Location | Current Location | Date acquired | Full call number |
|---|---|---|---|---|---|---|
| Books | Lending | 2631 | Chapman Library | Chapman Library | 2017-02-07 | KD1554 fur |
| Books | Lending | 2632 | Chapman Library | Chapman Library | 2017-02-07 | KD1554 fur |
| Books | Lending | 2633 | Chapman Library | Chapman Library | 2017-02-07 | KD1554 fur |
| Books | Reference | 2634 | Chapman Library | Chapman Library | 2017-02-07 | KD1554 fur |

